000 00459nam a22001817a 4500
005 20140310182813.0
008 130223t xxu||||| |||| 00| 0 eng d
020 _a9711106884
050 _aRC 457
_b.P77 1989
245 _aPsychiatry /
_cJames H. Scully ... [et al.]- editors
250 _a2nd ed.
260 _aQuezon City
_bJMC Press
_c1989
300 _a335 p. :
_c25 cm.
521 _aNUR
562 _e1
942 _2lcc
_cBK
_kFOR
999 _c16216
_d16216